Employment Rights / (Record no. 3275)

MARC details
000 -LEADER
fixed length control field 00512nam a22001817a 4500
005 - DATE AND TIME OF INPUT
control field 20241205092238.0
008 - DATA ELEMENTS--GENERAL INFORMATION
fixed length control field 241205b |||||||| |||| 00| 0 eng d
020 ## - INTERNATIONAL STANDARD BOOK NUMBER
International Standard Book Number 9781485151548
041 ## - LANGUAGE CODE
Language code of text English
082 ## - SHELF NUMBER
DDC number 344.1 GRO
100 ## - MAIN AUTHOR
Language of a work English
245 ## - TITLE STATEMENT
Title Employment Rights /
Statement of responsibility, etc. J Grogan
250 ## - EDITION STATEMENT
Edition statement Fourth Edition
260 ## - PUBLICATION, DISTRIBUTION, ETC.
Place of publication, distribution, etc. Cape Town:
Name of publisher, distributor, etc. Juta and Company Ltd,
Date of publication, distribution, etc. 2024
300 ## - PHYSICAL DESCRIPTION
Other physical details xix, 430 pages;
Dimensions 26 cm.
650 ## - SUBJECT`
Broad subject Legal practice
Own subject terms Law
942 ## - ADDED ENTRY ELEMENTS (KOHA)
Item type Books
942 ## - ADDED ENTRY ELEMENTS (KOHA)
-- ALISON_BN_VRIES
Holdings
Source of classification or shelving scheme Not for loan Collection code Home library Current library Shelving location Date acquired Full call number Barcode Price effective from Koha item type
Dewey Decimal Classification   TEXT BOOKS LAW SOCIETY OF NAMIBIA LIBRARY - WINDHOEK LAW SOCIETY OF NAMIBIA LIBRARY - WINDHOEK Labour law 12/05/2024 344.1 GRO LSN/2024/155 12/05/2024 Books